000
00289nam a2200109Ia 4500
005
20251222143213.0
008
251222s9999||||xx |||||||||||||| ||spa||
082
_a
234.93/C76
245
0
_a
Hacia la V Conferencia del Episcopado Latinoamericano y del Caribe
264
_b
CELAM
942
_c
LIB
999
_c
13522
_d
13522